000 00469nam a2200181Ia 4500
003 LK-CoDNM
005 20241206104605.0
008 010623t1973 xxu||||| |||| 00| 1 eng d
040 _aLK-CoDNM
_dLK-CoDNM
_eLK-CoDNM
041 _aeng
080 _a294.5
_bSWA
100 _aShantanand,Swami.
245 _aSpiritual Radiations of A Saint
260 _bInvitation to Swami Gnanananda Giri
_c1973
300 _b15p. ; 18 cm
650 _aBUDDHISM
942 _cBK
999 _c109053
_d109053